Frontier evangelism: (Record no. 14191)

000 -LEADER
fixed length control field 00818nam a2200205 a 4500
001 - CONTROL NUMBER
control field :::00012016$&:&@@
003 - CONTROL NUMBER IDENTIFIER
control field OkBaRHE
005 - DATE AND TIME OF LATEST TRANSACTION
control field 20000607103415.0
008 - FIXED-LENGTH DATA ELEMENTS--GENERAL INFORMATION
fixed length control field s1955 j 000 0 eng u
040 ## - CATALOGING SOURCE
Transcribing agency
100 1# - MAIN ENTRY--PERSONAL NAME
Personal name Osborn, T. L. (Tommy Lee), 1923-
245 10 - TITLE STATEMENT
Title Frontier evangelism:
Remainder of title God's indisposable method for world evangelism.
260 ## - PUBLICATION, DISTRIBUTION, ETC. (IMPRINT)
Place of publication, distribution, etc Tulsa, OK., :
Name of publisher, distributor, etc Evangelist T. L. Osborn
Date of publication, distribution, etc 1955
300 ## - PHYSICAL DESCRIPTION
Extent 102 p. ;
Dimensions 23 cm.
650 ## - SUBJECT ADDED ENTRY--TOPICAL TERM
Topical term or geographic name as entry element Evangelistic Work
942 ## - ADDED ENTRY ELEMENTS (KOHA)
Source of classification or shelving scheme
Koha item type Books
Copies
Damaged status Lost status Withdrawn status Full call number Permanent Location Date acquired Copy number Date last seen Barcode Not for loan Price effective from Koha item type Shelving location Source of classification or shelving scheme
   BX 8764 .Z6 O59RHEMA Bible Training College2010-04-1412010-04-1421083 2010-04-14BooksGeneral Stacks 
   BX 8764 .Z6O59RHEMA Bible Training College2010-04-1422010-04-1412016 2010-04-14BooksGeneral Stacks 
   BX 8764 .Z6O59RHEMA Bible Training College2010-04-1432010-04-1420429 2010-04-14BooksGeneral Stacks